| 000 | 01196njm a22002657a 4500 | ||
|---|---|---|---|
| 005 | 20100904141549.0 | ||
| 007 | sd ammalaaahaa | ||
| 008 | 100904t xxu||||| |||| 00| 0 hin d | ||
| 028 |
_aN. 52987 _bHis Master's Voice |
||
| 028 |
_aOJW. 4304 _bHis Master's Voice |
||
| 028 |
_aOJW. 4305 _bHis Master's Voice |
||
| 035 | _aGR-544 | ||
| 040 | _aSED/VEN | ||
| 100 |
_a Dey, Manna _918352 |
||
| 245 |
_a Rani Rupmati Part 1: _cby Manna Dey and Ravi Kala Chitra _bhindustani / _h[sound recording] |
||
| 246 | _a रानी रूपमती | ||
| 260 |
_aDum Dum, India _bHis Master's Voice |
||
| 300 |
_a1 sound disc [Gramophone recording] : _banalog, 33. 1/3 rpm _c10 in _fGramophone recording |
||
| 500 | _aBrief record. | ||
| 505 | _a Ud Ja Bhaver, Raag-Darbari (Manna Dey and Ravi Kala Chitra ) उड़ जा भवर , राग -दरबारी भाग १, Aaja Aaja Bhaver Raag Sarang (Lata Mangeshkar) आजा आजा भवर राग सारंग भाग २ | ||
| 650 |
_aClassical music _xExcerpts _zIndia _918353 |
||
| 700 |
_a Mangeshkar, Lata _91184 |
||
| 942 |
_2ddc _cGR |
||
| 999 |
_c43789 _d43789 |
||